| 000 | 00607nam a2200217Ia 4500 | ||
|---|---|---|---|
| 008 | 170918s9999 xx 000 0 und d | ||
| 020 | _a9780439266710 | ||
| 050 | _bB496 2001 | ||
| 100 | _aBerger, Melvin | ||
| 245 | _aDo bears sleep all winter? : | ||
| 245 | _bquestions & answers about bears / | ||
| 245 | _cMelvin Berger and Gilda Berger ; illustrated by Roberto Osti. | ||
| 260 | _aNew York : | ||
| 260 | _bScholastic, | ||
| 260 | _c2001 | ||
| 300 | _a48 pages : | ||
| 300 | _bcolored illustration ; | ||
| 300 | _c20cm. | ||
| 440 | _aScholastic question & answer series. | ||
| 500 | _a750 | ||
| 999 |
_c341939 _d341939 |
||